Statistics for Jersey Shore trivia

Click here to take the quiz!

General Stats

  • This quiz has been taken 735 times
    (734 since last reset)
  • The average score is 9 of 13

Answer Stats

HintAnswer% Correct
Who felt that the cast weren't going to like her in episode 1 because she was hung over?Snooki
95%
Which character was originally a veterinarian?Snooki
95%
Who tends to stir up trouble on the show?Mike
94%
Which castmate is known as the mama's boy?Vinny
93%
What does GTL stand forGym tan Laundry
88%
What is the name of Angelina's Replacement in the house?Deena
85%
What part of Florida were the cast located in?Miami
83%
Who has their own tanning bed at their house?Pauly D
79%
Who celebrated their birthday in season 5?Pauly D
79%
What is the name of the shop that the cast worked in while in jersey?Shore Store
62%
What is Snooki's biological name?Nicole Polizzi
43%
Where did the cast work while in Italy?Pizzeria
26%
Pauly has had numerous stalkers since he's been on the show. What is the name of his top stalker from season 5?Vanessa
20%

Score Distribution

Percentile by Number Answered

Percent of People with Each Score

Your Score History

You have not taken this quiz since the last reset